Argumentation in multi-agent systems : (Record no. 23913)
[ view plain ]
| 000 -LEADER | |
|---|---|
| fixed length control field | 01390cam a22003375a 4500 |
| 001 - CONTROL NUMBER | |
| control field | 13828045 |
| 005 - DATE AND TIME OF LATEST TRANSACTION | |
| control field | 20170112142819.0 |
| 008 - FIXED-LENGTH DATA ELEMENTS--GENERAL INFORMATION | |
| fixed length control field | 041230t2005 gw a frb 101 0 eng d |
| 020 ## - INTERNATIONAL STANDARD BOOK NUMBER | |
| International Standard Book Number | 354024526X |
| 020 ## - INTERNATIONAL STANDARD BOOK NUMBER | |
| International Standard Book Number | 9783540245261 |
| 040 ## - CATALOGING SOURCE | |
| Original cataloging agency | OHX |
| Transcribing agency | OHX |
| Modifying agency | OCLCQ |
| -- | ZCU |
| -- | C$Q |
| -- | OCL |
| -- | DLC |
| -- | EG-ScBUE |
| Language of cataloging | eng |
| 082 04 - DEWEY DECIMAL CLASSIFICATION NUMBER | |
| Edition number | 22 |
| Classification number | 006.3 |
| Item number | ARG |
| 111 2# - MAIN ENTRY--MEETING NAME | |
| Meeting name or jurisdiction name as entry element | ArgMAS 2004 |
| Number of part/section/meeting | (1st : |
| Date of meeting | 2004 : |
| Location of meeting | New York, N.Y.) |
| 245 10 - TITLE STATEMENT | |
| Title | Argumentation in multi-agent systems : |
| Remainder of title | first international workshop, ArgMAS 2004, New York, NY, USA, July 19, 2004 : revised selected and invited papers / |
| Statement of responsibility, etc | [editors] Iyad Rahwan, Pavlos Moraitis, Chris Reed. |
| 246 30 - VARYING FORM OF TITLE | |
| Title proper/short title | ArgMAS 2004 |
| 260 ## - PUBLICATION, DISTRIBUTION, ETC. (IMPRINT) | |
| Place of publication, distribution, etc | Berlin : |
| Name of publisher, distributor, etc | Springer, |
| Date of publication, distribution, etc | c.2005. |
| 300 ## - PHYSICAL DESCRIPTION | |
| Extent | xii, 261 p. : |
| Other physical details | ill. ; |
| Dimensions | 24 cm. |
| 490 0# - Series Statement | |
| Series statement | Lecture notes in computer science. Lecture notes in artificial intelligence, |
| International Standard Serial Number | 0302-9743 ; |
| Volume/sequential designation | 3366 |
| 490 0# - Series Statement | |
| Series statement | State-of-the-art survey |
| 500 ## - GENERAL NOTE | |
| General note | Papers presented at a workshop held at Columbia University, New York in July 2004. |
| 504 ## - BIBLIOGRAPHY, ETC. NOTE | |
| Bibliography, etc | Includes bibliographical references and index. |
| 530 ## - ADDITIONAL PHYSICAL FORM AVAILABLE NOTE | |
| Additional physical form available note | Also issued online. |
| 650 #0 - SUBJECT ADDED ENTRY--TOPICAL TERM | |
| Topical term or geographic name as entry element | Intelligent agents (Computer software) |
| Form subdivision | Congresses. |
| Source of heading or term | BUEsh |
| 650 #0 - SUBJECT ADDED ENTRY--TOPICAL TERM | |
| Topical term or geographic name as entry element | Logic |
| Form subdivision | Congresses. |
| Source of heading or term | BUEsh |
| 651 ## - SUBJECT ADDED ENTRY--GEOGRAPHIC NAME | |
| Source of heading or term | BUEsh |
| 653 ## - INDEX TERM--UNCONTROLLED | |
| Resource For college | Informatics and Computer Science |
| Arrived date list | January2017 |
| 700 1# - ADDED ENTRY--PERSONAL NAME | |
| Personal name | Rahwan, Iyad, |
| Relator term | editor. |
| 700 1# - ADDED ENTRY--PERSONAL NAME | |
| Personal name | Moraitis, Pavlos, |
| Relator term | editor. |
| 700 1# - ADDED ENTRY--PERSONAL NAME | |
| Personal name | Reed, Chris, |
| Dates associated with a name | 1956- |
| Relator term | editor. |
| 942 ## - ADDED ENTRY ELEMENTS (KOHA) | |
| Source of classification or shelving scheme | Dewey Decimal Classification |
| Withdrawn status | Item status | Source of classification or shelving scheme | Damaged status | Not for loan | Vendor | Home library | Current library | Shelving location | Date acquired | Source of acquisition | Cost, normal purchase price | Serial Enumeration / chronology | Total Checkouts | Full call number | Barcode | Date last seen | Cost, replacement price | Koha item type |
|---|---|---|---|---|---|---|---|---|---|---|---|---|---|---|---|---|---|---|
| Dewey Decimal Classification | Scientific home BookShop | Central Library | Central Library | Lower Floor | 12/01/2017 | Purchase | 710.00 | 2691 | 006.3 ARG | 000040919 | 15/07/2025 | 887.50 | Book - Borrowing |